[Event "GER-chT U16"]
[Site "Kiel"]
[Date "2022.07.25"]
[Round "6.8"]
[White "Heilig, Tim Markus"]
[Black "Haubold, Henry"]
[Result "1-0"]
[WhiteElo "1365"]
[BlackElo "963"]
[PlyCount "87"]
[EventDate "2022.07.22"]
[EventType "team-swiss"]
[EventRounds "7"]
[EventCountry "GER"]
[SourceTitle "CBM 209 Extra"]
[Source "ChessBase"]
[SourceDate "2022.09.30"]
[SourceVersion "1"]
[SourceVersionDate "2022.09.30"]
[SourceQuality "1"]
[WhiteTeam "Goeppingen"]
[BlackTeam "Niederwiesa"]
[WhiteTeamCountry "GER"]
[BlackTeamCountry "GER"]

1. c4 e5 2. g3 Nc6 3. Bg2 Nf6 4. Nc3 Bc5 5. e3 0-0 6. Nge2 d6 7. h3 Re8 8. 0-0 Be6 9. d4 Bb6 10. d5 Bxd5 11. Nxd5 Nxd5 12. Bxd5 Qd7 13. Bg2 Rab8 14. Bd2 Ne7 15. Qc2 c6 16. Rfd1 Qe6 17. b4 c5 18. b5 Red8 19. Nc3 g6 20. Qb3 Kf8 21. a4 a5 22. bxa6 bxa6 23. Qa2 a5 24. Rab1 Bc7 25. Rb5 Rb6 26. Rdb1 Rdb8 27. Kh2 f5 28. Nd5 Nxd5 29. Bxd5 Qe7 30. Bc3 Ke8 31. Qd2 e4 32. Bxa5 Rxb5 33. axb5 Bxa5 34. Qxa5 h6 35. b6 Qd8 36. Qa7 Qd7 37. Qxb8+ Ke7 38. Qa7 Qxa7 39. bxa7 Kf6 40. a8Q h5 41. Qd8+ Kg7 42. Rb7+ Kh6 43. h4 g5 44. Qxg5# 1-0